Кристаллохимия и физика металлов и сплавов: в 2 ч.; пер. с англ.

Chi tiết về thư mục
Tác giả chính: Пирсон У.
Ngôn ngữ:Tiếng Nga
Được phát hành: Москва, Мир, 1977
Định dạng: MixedMaterials Sách
KOHA link:https://koha.lib.tpu.ru/cgi-bin/koha/opac-detail.pl?biblionumber=271398

MARC

LEADER 00000nam1a2200000 4500
001 271398
005 20231031225328.0
035 |a (RuTPU)RU\TPU\book\294580 
090 |a 271398 
100 |a 20141007d1977 k y0rusy50 ca 
101 1 |a rus  |c eng 
102 |a RU 
200 1 |a Кристаллохимия и физика металлов и сплавов  |e в 2 ч.  |e пер. с англ.  |f У. Пирсон 
210 |a Москва  |c Мир  |d 1977 
700 1 |a Пирсон  |b У. 
801 1 |a RU  |b 63413507  |c 20141007 
801 2 |a RU  |b 63413507  |c 20170127  |g RCR 
942 |c BK